Nútená dovolenka Zastavené práce na Branisku

Bibliographic Details
Main Author: Dohovič, Svjatoslav (Author)
Format: Article
Language:Slovak
Subjects:

MARC

LEADER 00000nab a2200000 a 4500
001 vtls001018875
003 SK-MaSNL
005 20260305030959.0
008 040720e19990804xo 0 slo
035 |a SN4813 
040 |a SNSK  |b slo  |c SNSK  |e AACR2 
041 0 |a slo 
044 |a xo  |c SK 
080 |a 625.711.3  |2 1981 
100 1 |a Dohovič, Svjatoslav  |4 aut  |9 331929 
245 1 0 |a Nútená dovolenka  |b Zastavené práce na Branisku 
650 0 7 |a diaľnice  |2 SNSK  |9 14603 
650 0 7 |a výstavba  |2 SNSK  |9 29373 
650 0 7 |a práce zastavené  |2 SNSK  |9 1608484 
650 0 7 |a cestné tunely  |2 SNSK  |9 60200 
650 0 7 |a informácie  |2 SNSK  |9 1285 
651 7 |a Spišská Nová Ves (Slovensko : okres)   |2 SNSK  |9 22259 
651 7 |a SN,  |2 SNSK  |9 1021277 
655 7 |a periodikum  |2 snkbucl  |9 29553 
773 0 8 |t Pravda  |g Roč. 9, č.178, 4.8.1999, s. 2 
852 |a ZVYKNI  |b KIS3GCP 
999 |c 3314014  |d 3315944